000 00679nam a22002177a 4500
001 6110
003 OSt
005 20170921101517.0
007 tu
008 161220s2003 fi ||||| |||||||||||eng d
024 7 _a6110
_2RID
024 7 _a6110
_2RSN (alt)
040 _cOSt
100 1 _aHorvath, Julius
245 1 0 _aOptimum currency area theory: A selected review
260 _aHelsinki :
_bInstitute for Economies in Transition, Bank of Finland (BOFIT),
_c2003.
490 1 _aBOFIT Discussion Papers
_v15/2003
830 0 _tBOFIT Discussion Papers
_v15/2003
_w7888
942 _cP
999 _c5758
_d5758